000 00695nam a2200205 i 4500
001 138362
003 ES-MaACL
005 20250809033904.0
007 t|
008 070214s1966 sp r ||||1| spa d
080 _a340.12(075.8)
100 1 _aSancho Izquierdo, Miguel.
_9103044
245 1 0 _aLecciones de Derecho Natural
_b: como una introducción al estudio del derecho : primer fascículo /
_cMiguel Sancho Izquierdo.
260 _aPamplona :
_bUniversidad de Navarra,
_c1966.
300 _a75 p. ;
_c23 cm.
650 0 7 _aDerecho natural
_2embne
_911744
710 2 _aUniversidad de Navarra.
_97252
852 _aES-MaACL
_j2270-F-23
_xOlim P-1178
999 _c138362
_d138362